Epifanía de una sombra
محفوظ في:
| المؤلف الرئيسي: | |
|---|---|
| التنسيق: | كتاب |
| اللغة: | الإسبانية |
| منشور في: |
Santiago
Sudamericana
2000
|
| سلاسل: | Biblioteca Transversal
|
| الموضوعات: | |
| الوسوم: |
إضافة وسم
لا توجد وسوم, كن أول من يضع وسما على هذه التسجيلة!
|
MARC
| LEADER | 00000nam a2200000 a 4500 | ||
|---|---|---|---|
| 001 | UCN8089 | ||
| 003 | CL-VaPUC | ||
| 008 | 011109e20000000CL |||||||||||||||||spa|d | ||
| 082 | 0 | 4 | |a Ch863 |b WAC |2 21 |
| 100 | 0 | |a Wacquez, Mauricio |e author |9 464310 | |
| 245 | 1 | 0 | |a Epifanía de una sombra |
| 300 | |a 408 p | ||
| 942 | |c BK | ||
| 945 | |d 20011109 00:00:00 |a rbrito | ||
| 260 | |a Santiago |b Sudamericana |c 2000 | ||
| 650 | 0 | |a Novelas chilenas |9 265425 | |
| 583 | |a last modification |c 20011109 00:00:00 |k Rodrigo Vera | ||
| 490 | 0 | |a Biblioteca Transversal | |
| 999 | |c 298151 |d 298149 | ||
| 952 | |0 0 |1 0 |4 0 |6 CH_863_000000000000000_WAC_2000 |7 0 |8 A |9 353524 |a FDOPOS |b FDOPOS |d 2019-11-21 |i 3692612 |o Ch863 WAC 2000 |p 3692612 |r 2025-01-22 |w 2019-11-21 |y BK |k MLH | ||
| 952 | |0 0 |1 0 |4 0 |6 CH_863_000000000000000_WAC_2000 |7 0 |8 A |9 353525 |a FDOPOS |b FDOPOS |d 2019-11-21 |i 3881024 |o Ch863 WAC 2000 |p 3881024 |r 2025-01-22 |w 2019-11-21 |y BK |k MLH | ||